Statystyki dla Kluby w Serie A 2023/24

Kliknij tutaj aby rozwiązać quiz!

Ogólne statystyki

  • Ten quiz został rozwiązany 22 razy
  • Średni wynik to 12 z 20

Statystyki odpowiedzi

Hint16Odpowiedź% Poprawnych
4.AC Milan
95%
3.Inter
95%
1.Napoli
95%
7.Juventus
90%
2.Lazio
81%
6.AS Roma
76%
5.Atalanta
76%
8.Fiorentina
71%
10.Torino
71%
11.Monza
57%
18.Genoa
52%
17.Hellas Verona
52%
20.Cagliari
48%
15.Salernitana
48%
13.Sassuolo
48%
12.Udinese
48%
9.Bologna
43%
14.Empoli
43%
19.Frosinone
29%
16.Lecce
24%

Rozkład punktacji

Percentyl według liczby udzielonych odpowiedzi

Procent ludzi z każdym wynikiem

Twoja historia wyników

Nie rozwiązałeś tego quizu